Normal view MARC view
  • Etchetto,Mariana eguaras

Entry Corporate Name

Number of records used in: 1

001 - CONTROL NUMBER

  • control field: 120512

003 - CONTROL NUMBER IDENTIFIER

  • control field: NUST

005 - DATE AND TIME OF LATEST TRANSACTION

  • control field: 20240215113742.0

008 - FIXED-LENGTH DATA ELEMENTS

  • fixed length control field: 240215|| aca||aabn | a|a d

040 ## - CATALOGING SOURCE

  • Original cataloging agency: NUST
  • Transcribing agency: NUST

110 ## - HEADING--CORPORATE NAME

  • Corporate name or jurisdiction name as entry element: Etchetto,Mariana eguaras

670 ## - SOURCE DATA FOUND

  • Source citation: Work cat.: (NUST): Fajardo, Julio 120511, New York architecture = New York architektur/, 2006.
© 2023 Central Library, National University of Sciences and Technology. All Rights Reserved.